<?xml version="1.0" encoding="UTF-8"?>
<record
    xmlns:xsi="http://www.w3.org/2001/XMLSchema-instance"
    xsi:schemaLocation="http://www.loc.gov/MARC21/slim http://www.loc.gov/standards/marcxml/schema/MARC21slim.xsd"
    xmlns="http://www.loc.gov/MARC21/slim">

  <leader>00754nam a22001937a 4500</leader>
  <datafield tag="999" ind1=" " ind2=" ">
    <subfield code="c">148973</subfield>
    <subfield code="d">148973</subfield>
  </datafield>
  <controlfield tag="005">20210408162755.0</controlfield>
  <datafield tag="010" ind1=" " ind2=" ">
    <subfield code="a">UR-10008</subfield>
  </datafield>
  <datafield tag="020" ind1=" " ind2=" ">
    <subfield code="c">500.00</subfield>
    <subfield code="a">-</subfield>
  </datafield>
  <datafield tag="035" ind1=" " ind2=" ">
    <subfield code="a">U-8563</subfield>
  </datafield>
  <datafield tag="037" ind1=" " ind2=" ">
    <subfield code="b">DBAD/PUB</subfield>
  </datafield>
  <datafield tag="100" ind1=" " ind2=" ">
    <subfield code="a">&#x645;&#x633;&#x639;&#x648;&#x62F; &#x62C;&#x627; &#x648; &#x6CC;&#x62F; &#x6C1;&#x627; &#x634;&#x645;&#x6CC; </subfield>
  </datafield>
  <datafield tag="245" ind1=" " ind2=" ">
    <subfield code="a">  &#x646;&#x642;&#x634; &#x642;&#x62F; &#x645; (&#x645;&#x6A9;&#x645;&#x644; &#x645;&#x62C;&#x645;&#x648; &#x639;&#x6C1; &#x621; &#x633;&#x62E;&#x646;)                                                                                </subfield>
    <subfield code="c">&#x645;&#x633;&#x639;&#x648;&#x62F; &#x62C;&#x627; &#x648; &#x6CC;&#x62F; &#x6C1;&#x627; &#x634;&#x645;&#x6CC; </subfield>
  </datafield>
  <datafield tag="246" ind1=" " ind2=" ">
    <subfield code="b">Naqsh-e-Qadam</subfield>
    <subfield code="a">by Masood Javed Hashmi</subfield>
  </datafield>
  <datafield tag="260" ind1=" " ind2=" ">
    <subfield code="a">N. Delhi</subfield>
    <subfield code="b">Murkazi Maktaba Islami Publishers</subfield>
    <subfield code="c">2016</subfield>
  </datafield>
  <datafield tag="270" ind1=" " ind2=" ">
    <subfield code="a">307-Abul Fazal Enclave,Jamia Nagar</subfield>
    <subfield code="b">N.Delhi</subfield>
    <subfield code="e">110025</subfield>
    <subfield code="k">26970736</subfield>
    <subfield code="l">-</subfield>
  </datafield>
  <datafield tag="300" ind1=" " ind2=" ">
    <subfield code="a">605&#x635;</subfield>
    <subfield code="c">22 Cm.(B.b)     </subfield>
  </datafield>
  <datafield tag="500" ind1=" " ind2=" ">
    <subfield code="a">&#x62F;&#x648; &#x62D;&#x635;&#x6C1;</subfield>
  </datafield>
  <datafield tag="942" ind1=" " ind2=" ">
    <subfield code="2">ddc</subfield>
    <subfield code="c">UR</subfield>
    <subfield code="h">841</subfield>
    <subfield code="m">&#x6C1; &#x627; &#x634; </subfield>
  </datafield>
  <datafield tag="952" ind1=" " ind2=" ">
    <subfield code="0">0</subfield>
    <subfield code="1">0</subfield>
    <subfield code="4">0</subfield>
    <subfield code="7">1</subfield>
    <subfield code="8">NFIC</subfield>
    <subfield code="a">DBAD</subfield>
    <subfield code="b">DBAD</subfield>
    <subfield code="d">2018-01-08</subfield>
    <subfield code="e">DBAD/PUB.</subfield>
    <subfield code="g">500.00</subfield>
    <subfield code="l">0</subfield>
    <subfield code="o">841 &#x6C1; &#x627; &#x634;</subfield>
    <subfield code="p">U-8563</subfield>
    <subfield code="r">2018-01-08 00:00:00</subfield>
    <subfield code="t">1</subfield>
    <subfield code="v">500.00</subfield>
    <subfield code="w">2018-01-08</subfield>
    <subfield code="y">UR</subfield>
  </datafield>
</record>
